Studies in Agricultural Economics (Record no. 5946)
[ view plain ]
| 000 -LEADER | |
|---|---|
| fixed length control field | 00540nas a22001937i 4500 |
| 001 - CONTROL NUMBER | |
| control field | 6351 |
| 003 - CONTROL NUMBER IDENTIFIER | |
| control field | OSt |
| 005 - DATE AND TIME OF LATEST TRANSACTION | |
| control field | 20170126082355.0 |
| 007 - PHYSICAL DESCRIPTION FIXED FIELD--GENERAL INFORMATION | |
| fixed length control field | tu |
| 008 - FIXED-LENGTH DATA ELEMENTS--GENERAL INFORMATION | |
| fixed length control field | 161220s xxu||||| |||| 00| 0 d |
| 022 ## - INTERNATIONAL STANDARD SERIAL NUMBER | |
| International Standard Serial Number | 1418-2160 |
| 024 7# - OTHER STANDARD IDENTIFIER | |
| Standard number or code | 6351 |
| Source of number or code | RID |
| 024 7# - OTHER STANDARD IDENTIFIER | |
| Standard number or code | 6351 |
| Source of number or code | RSN (alt) |
| 040 ## - CATALOGING SOURCE | |
| Transcribing agency | OSt |
| 110 2# - MAIN ENTRY--CORPORATE NAME | |
| Corporate name or jurisdiction name as entry element | Research and Information Institute for Agricultural Economics Hungary |
| 245 00 - TITLE STATEMENT | |
| Title | Studies in Agricultural Economics |
| 260 ## - PUBLICATION, DISTRIBUTION, ETC. | |
| Place of publication, distribution, etc. | Budapest : |
| Name of publisher, distributor, etc. | Reserach and Information Institute for Agricultural Economics. |
| 866 #0 - TEXTUAL HOLDINGS--BASIC BIBLIOGRAPHIC UNIT | |
| -- | 1999/92 - 2010/112 |
| 942 ## - ADDED ENTRY ELEMENTS (KOHA) | |
| Koha item type | Journal |
| Withdrawn status | Lost status | Damaged status | Not for loan | Home library | Current library | Shelving location | Date acquired | Serial Enumeration / chronology | Inventory number | Total Checkouts | Barcode | Date last seen | Price effective from | Koha item type |
|---|---|---|---|---|---|---|---|---|---|---|---|---|---|---|
| WIIW | WIIW | Library | 08/04/2004 | 1999/92 - 2003/98 | 6351 | 10001845 | 01/26/2017 | 01/26/2017 | Journal | |||||
| WIIW | WIIW | Library | 06/25/2015 | 117.2015,1 | 6351 | 10006161 | 01/26/2017 | 01/26/2017 | Journal |
